Les plus grandes villles de la France d'Outre-Mer - Statistiques

Statistiques générales
  • Ce quiz a été pris 155 fois
  • Le résultat moyen est 9 sur 23
Statistiques - réponses
Nombre d'habitants Ville d'Outre-Mer % Correct
142,442 Saint-Denis (Réunion)
93%
84,174 Fort-de-France (Martinique)
88%
54,709 Cayenne (Guyane)
80%
81,415 Saint-Pierre (Réunion)
75%
99,926 Nouméa (Nouvelle-Calédonie)
65%
104,332 Saint-Paul (Réunion)
64%
57,281 Mamoudzou (Mayotte)
59%
76,080 Le Tampon (Réunion)
47%
57,960 Les Abymes (Guadeloupe)
46%
36,131 Saint-Benoît (Réunion)
37%
56,156 Saint-André (Réunion)
30%
52,656 Saint-Louis (Réunion)
29%
40,040 Le Lamentin (Martinique)
26%
37,550 Saint-Joseph (Réunion)
25%
33,154 Saint-Leu (Réunion)
23%
36,594 Saint-Martin (Saint-Martin)
20%
32,605 Sainte-Marie (Réunion)
19%
35,881 Le Port (Réunion)
16%
30,015 Baie-Mahault (Guadeloupe)
11%
31,439 La Possession (Réunion)
10%
31,812 Dumbéa (Nouvelle-Calédonie)
8%
41,515 Saint-Laurent-du-Moroni (Guyane)
8%
30,244 Matoury (Guyane)
6%
Aucun quiz correspondant
Distribution des résultats
% des personnes avec chaque résultat
Percentile par nombre de réponses
Votre historique - résultats
Vous n’avez pas pris ce quiz